Popularne numery rap/trap tygodnia 04-10.06 Spotify. - Statystyki

Ogólne statystyki
  • Ten quiz został rozwiązany 8 razy
    5 od ostatniego zresetowania
  • Średni wynik to 15 z 30
Statystyki odpowiedzi
Wykonawca Odsłuchania Utwór % Poprawnych
Ekipa 363K 3KIPA
100%
Ekipa, Jacuś 1.43M Zygzak
100%
OIO 1.10M Amerykańskie Teledyski
75%
Sobel 990K Bandyta
75%
Ekipa 453K Chill
75%
Alberto 348K Dwutakt
75%
Chivas, White 2115 532K Mam Na Twarzy Krew I Tym Razem Nie Jest Sztuczna
75%
Kizo, Wac Toja 656K Nasze Lato
75%
Mata 795K Patoreakcja
75%
OIO 705K Przypadkiem
75%
Sobel 403K Alien
50%
Guzior 454K BLUEBERRY
50%
Guzior, Oskar83 453K FALA
50%
Chivas, White 2115, Szpaku 441K Hellcat Redeye
50%
Sobel 441K Impreza
50%
Sobel 443K Kinol
50%
OIO 523K MVP
50%
Żabson, Kizo, ZetHa, Vladimir Cauchemar 782K Puerto Bounce
50%
Białas, White 2115 446K Święto ogródka
50%
Wiatr, Sobel, Be Vis 511K Testarossa
50%
OIO 1.01M Worki W Tłum
50%
Pusher, Oska030 331K Baba Hassan
25%
Kizo, Trill Pem 345K Fitness
25%
Paluch 487K Każdy blok
25%
Mata 359K Schodki
25%
Sobel 1.14M Fiołkowe Pole
0%
Chivas 346K Jakbym Miał W Ręku Klamkę
0%
Sobel, Young Igi 403K Nie Teraz
0%
Tymek, Kuba Karaś, Urbanski 333K Oczko w głowie
0%
Deemz, Reto, Żabson 393K Wasabi
0%
Nie znaleziono quizów pasujących do podanych kryteriów
Rozkład punktacji
Procent ludzi z każdym wynikiem
Percentyl według liczby udzielonych odpowiedzi
Twoja historia wyników
Nie rozwiązałeś tego quizu od ostatniego zresetowania